[Event "2nd SCS Open"]
[Site "Bhubaneswar IND"]
[Date "2010.05.28"]
[Round "9"]
[White "Ibrayev,N"]
[Black "Sundararajan,K"]
[Result "1-0"]
[WhiteElo "2390"]
[BlackElo "2520"]
[EventDate "2010.05.22"]

1. e4 c6 2. Nf3 d5 3. Nc3 Bg4 4. h3 Bh5 5. exd5 cxd5 6. Bb5+ Nc6 7. g4 Bg6
8. Ne5 Rc8 9. d4 e6 10. h4 f6 11. Nxg6 hxg6 12. Be3 Bb4 13. Kf1 Nge7 14.
Ne2 Bd6 15. c3 e5 16. dxe5 fxe5 17. f3 O-O 18. Kg2 Qd7 19. Ng3 e4 20. fxe4
Bxg3 21. Kxg3 Qe6 22. Rf1 Rxf1 23. Bxf1 Rf8 24. Bg2 dxe4 25. Qb3 Nd5 26.
Rd1 Nce7 27. Rd4 Qe5+ 28. Kh3 Rf3+ 29. Bxf3 exf3 30. Bf2 Kh7 31. Qc4 b5 32.
Re4 Nf4+ 33. Kh2 Qb8 34. Qf7 Ne2+ 35. Kh3 Nd5 36. Qxd5 Nf4+ 37. Rxf4 Qxf4
38. h5 1-0

[Event "2nd SCS Open"]
[Site "Bhubaneswar IND"]
[Date "2010.05.28"]
[Round "9"]
[White "Czebe,A"]
[Black "Gara,T"]
[Result "1-0"]
[WhiteElo "2480"]
[BlackElo "2357"]
[EventDate "2010.05.22"]

1. e4 c5 2. Nf3 d6 3. d4 cxd4 4. Nxd4 Nf6 5. Nc3 e6 6. g4 h6 7. h3 Nc6 8.
Be3 a6 9. Bg2 Qc7 10. Qe2 Ne5 11. f4 Nc4 12. Bc1 Qc5 13. Nb3 Qc7 14. Bf3 g6
15. Nd2 Nxd2 16. Bxd2 Bg7 17. O-O-O Nd7 18. h4 Nb6 19. h5 Nc4 20. hxg6 fxg6
21. e5 dxe5 22. f5 Nxd2 23. Rxd2 O-O 24. fxg6 e4 25. Qxe4 Bxc3 26. bxc3
Qxc3 27. Rd3 Qa1+ 28. Kd2 Qf6 29. Qe3 Qxg6 30. Rxh6 Qg7 31. Be4 Rf2+ 32.
Ke1 Rf6 33. Rd8+ Rf8 34. Rg6 1-0

[Event "2nd SCS Open"]
[Site "Bhubaneswar IND"]
[Date "2010.05.28"]
[Round "9"]
[White "Abu Sufian,S"]
[Black "Satyapragyan,S"]
[Result "1/2-1/2"]
[WhiteElo "2305"]
[BlackElo "2463"]
[EventDate "2010.05.22"]

1. e4 e6 2. d4 d5 3. Nc3 Bb4 4. e5 c5 5. a3 Bxc3+ 6. bxc3 Qa5 7. Bd2 Qa4 8.
h4 Nc6 9. Qg4 g6 10. Nf3 Nge7 11. h5 Bd7 12. hxg6 fxg6 13. Ra2 O-O-O 14.
Bd3 Rdf8 15. Rh6 c4 16. Be2 Nf5 17. Rh3 Nce7 18. Bg5 Qb5 19. Nd2 Qa4 20.
Bf6 h5 1/2-1/2

[Event "2nd SCS Open"]
[Site "Bhubaneswar IND"]
[Date "2010.05.28"]
[Round "9"]
[White "Vishnu,P"]
[Black "Khusnutdinov,R"]
[Result "0-1"]
[WhiteElo "2345"]
[BlackElo "2525"]
[EventDate "2010.05.22"]

1. e4 c5 2. Nf3 Nc6 3. d4 cxd4 4. Nxd4 e5 5. Nb5 d6 6. c4 Be6 7. N1c3 a6 8.
Na3 Nf6 9. Be2 Be7 10. O-O O-O 11. Be3 Rc8 12. Rc1 Nd7 13. Qd2 h6 14. Rfd1
Na5 15. b3 d5 16. exd5 Bxa3 17. dxe6 Bxc1 18. Qxc1 fxe6 19. Qd2 Nb8 20.
Qxd8 Rfxd8 21. Rxd8+ Rxd8 22. Bb6 Rd2 23. Bxa5 Nc6 24. Bc7 Rc2 0-1

[Event "2nd SCS Open"]
[Site "Bhubaneswar IND"]
[Date "2010.05.28"]
[Round "9"]
[White "Abhishek,D"]
[Black "Ovetchkin,R"]
[Result "1/2-1/2"]
[WhiteElo "2331"]
[BlackElo "2519"]
[EventDate "2010.05.22"]

1. e4 c6 2. d4 d5 3. exd5 cxd5 4. c4 Nf6 5. Nc3 e6 6. a3 Be7 7. Nf3 O-O 8.
cxd5 Nxd5 9. Bd3 Nxc3 10. bxc3 Nd7 11. O-O Qc7 12. Bd2 b6 13. Qe2 Bb7 14.
Rfe1 Rac8 15. a4 Bd6 16. Ne5 Nxe5 17. dxe5 Be7 18. Qg4 Rfd8 19. Re3 Rd5 20.
Rae1 Rcd8 21. Bxh7+ Kxh7 22. Qh5+ Kg8 23. Rh3 f5 24. Qh8+ Kf7 25. Qh5+ Kg8
26. Qh8+ Kf7 27. Qh5+ 1/2-1/2

[Event "2nd SCS Open"]
[Site "Bhubaneswar IND"]
[Date "2010.05.28"]
[Round "9"]
[White "Iuldachev,S"]
[Black "Prasanna,Ra"]
[Result "1-0"]
[WhiteElo "2511"]
[BlackElo "2309"]
[EventDate "2010.05.22"]

1. e4 e5 2. Nf3 Nc6 3. Nc3 Nf6 4. Bb5 Bd6 5. d3 a6 6. Ba4 b5 7. Bb3 Bb7 8.
Bg5 h6 9. Bh4 Be7 10. O-O O-O 11. a4 b4 12. Bxf6 Bxf6 13. Nd5 Be7 14. a5
Bc5 15. Nxe5 Nxe5 16. d4 Bd6 17. dxe5 Bxe5 18. Ra4 Bxb2 19. Rxb4 Bc6 20.
Bc4 Be5 21. Rb3 Bb5 22. Bd3 Rb8 23. c4 Bc6 24. Rxb8 Qxb8 25. Ne7+ Kh8 26.
Qh5 Qb2 27. Qf5 Qc3 28. Ng6+ fxg6 29. Qxf8+ Kh7 30. Qf3 Qxa5 31. Rb1 Qc3
32. h4 h5 33. Rb8 Bf6 34. Qe2 Qc1+ 35. Kh2 Be5+ 36. g3 a5 37. c5 Qxc5 38.
Bc4 Qa7 39. Rf8 Qc5 40. Rc8 d5 41. exd5 Bd7 42. Ra8 Bg4 43. Qa2 Qe7 44. Kg1
Bd6 45. Bf1 Bf3 46. Qb3 Be4 47. Qb8 g5 48. Qg8+ Kg6 49. Re8 Bxd5 50. Bd3+
Kf6 51. hxg5+ 1-0

[Event "2nd SCS Open"]
[Site "Bhubaneswar IND"]
[Date "2010.05.28"]
[Round "9"]
[White "Bitan,B"]
[Black "Vokarev,S"]
[Result "1-0"]
[WhiteElo "2311"]
[BlackElo "2501"]
[EventDate "2010.05.22"]

1. d4 Nf6 2. c4 g6 3. f3 d5 4. cxd5 Nxd5 5. e4 Nb6 6. Nc3 Bg7 7. Be3 O-O 8.
Qd2 f5 9. e5 Nc6 10. O-O-O Nb4 11. Nh3 Be6 12. Kb1 Qd7 13. Nf4 Bf7 14. a3
a5 15. Bb5 c6 16. d5 Bxe5 17. Bxb6 cxb5 18. Rhe1 Bf6 19. Bd4 Bxd4 20. Qxd4
Na6 21. d6 Qxd6 22. Ncd5 Bxd5 23. Nxd5 Qc5 24. Qe5 Rad8 25. Nxe7+ Kf7 26.
Nd5 Qd6 27. Qe7+ Qxe7 28. Rxe7+ Kg8 29. Nf6+ 1-0

[Event "2nd SCS Open"]
[Site "Bhubaneswar IND"]
[Date "2010.05.29"]
[Round "10"]
[White "Maletin,P"]
[Black "Turov,M"]
[Result "1/2-1/2"]
[WhiteElo "2584"]
[BlackElo "2624"]
[EventDate "2010.05.22"]

1. Nf3 Nf6 2. c4 e6 3. d4 d5 4. g3 Bb4+ 5. Bd2 Bd6 6. Bg2 c6 7. Nc3 O-O 8.
O-O Nbd7 9. b3 b6 10. Qc2 Bb7 11. Rad1 Qe7 12. e4 Nxe4 13. Nxe4 dxe4 14.
Qxe4 Nf6 15. Qh4 c5 16. Bg5 h6 17. Bxf6 Qxf6 18. Qxf6 gxf6 19. dxc5 Bxc5
20. Nd4 Bxg2 21. Kxg2 a6 22. a4 Rfd8 1/2-1/2

[Event "2nd SCS Open"]
[Site "Bhubaneswar IND"]
[Date "2010.05.29"]
[Round "10"]
[White "Kokarev,Dm"]
[Black "Bocharov,D"]
[Result "1/2-1/2"]
[WhiteElo "2612"]
[BlackElo "2592"]
[EventDate "2010.05.22"]

1. e4 d6 2. d4 Nf6 3. f3 e5 4. dxe5 dxe5 5. Qxd8+ Kxd8 6. Bc4 Ke7 7. Be3
Be6 8. Nd2 Nbd7 9. a4 Bxc4 10. Nxc4 Ke6 11. Ne2 a5 12. Kf2 Bc5 13. Rhd1
Bxe3+ 14. Kxe3 Nc5 15. Nc3 c6 16. h3 Nfd7 17. b3 f6 18. Rd6+ Ke7 19. Rad1
Rhe8 20. h4 Nf8 21. R6d2 1/2-1/2

[Event "2nd SCS Open"]
[Site "Bhubaneswar IND"]
[Date "2010.05.29"]
[Round "10"]
[White "Aleksandrov,A"]
[Black "Hera,I"]
[Result "1-0"]
[WhiteElo "2604"]
[BlackElo "2558"]
[EventDate "2010.05.22"]

1. d4 d5 2. c4 c6 3. Nf3 Nf6 4. e3 Bf5 5. Nc3 e6 6. Nh4 Be4 7. f3 Bg6 8. g3
Be7 9. Nxg6 hxg6 10. Qe2 O-O 11. Bg2 c5 12. dxc5 dxc4 13. Qxc4 Nbd7 14. O-O
Nxc5 15. Rd1 Qb6 16. Rb1 Rfd8 17. b4 Rxd1+ 18. Nxd1 Rd8 19. Bb2 Qa6 20.
Qxa6 Nxa6 21. a3 Nc7 22. Rc1 b6 23. Bf1 Nfe8 24. e4 a5 25. bxa5 bxa5 26.
Be2 Rb8 27. Rc4 Rb7 28. Bc1 Bf6 29. Kf1 Nd6 30. Rc5 Ndb5 31. a4 Nd4 32. Bf4
e5 33. Bxe5 Bxe5 34. Rxe5 Rb3 35. f4 Ra3 36. Rxa5 Ra1 37. h4 Nce6 38. f5
gxf5 39. exf5 Nxe2 40. Kxe2 Nd4+ 41. Ke1 Ra2 42. Nc3 Rg2 43. Nd5 Rxg3 44.
f6 gxf6 45. Nxf6+ Kf8 46. Rd5 Rd3 47. Nd7+ Ke7 48. Nb6 Ke6 49. a5 Nf3+ 50.
Kf2 Ra3 51. h5 f6 52. Rd6+ Ke7 53. Nc8+ Kf7 54. a6 Ng5 55. Rd7+ Ke8 56. Ra7
Ne4+ 57. Kg2 Kd8 58. Nb6 Rg3+ 59. Kf1 Rb3 60. Rd7+ Ke8 1-0

[Event "2nd SCS Open"]
[Site "Bhubaneswar IND"]
[Date "2010.05.29"]
[Round "10"]
[White "Adhiban,B"]
[Black "Luther,T"]
[Result "1-0"]
[WhiteElo "2510"]
[BlackElo "2541"]
[EventDate "2010.05.22"]

1. e4 e6 2. d4 d5 3. Nd2 dxe4 4. Nxe4 Nd7 5. Nf3 Ngf6 6. Bd3 c5 7. O-O Nxe4
8. Bxe4 Nf6 9. Bg5 cxd4 10. Nxd4 Be7 11. Bf3 O-O 12. c3 e5 13. Nc2 Be6 14.
Ne3 Nd7 15. Bxe7 Qxe7 16. Bd5 Nf6 17. Bxe6 Qxe6 18. Qb3 Qxb3 19. axb3 Rfd8
20. Ra5 Ne4 21. Rfa1 f6 22. f3 Ng5 23. Rxa7 Rxa7 24. Rxa7 Rd7 25. b4 Ne6
26. b5 h5 27. h4 Kh7 28. c4 Nf4 29. c5 Rd2 30. Rxb7 Re2 31. Nf5 Kg6 32.
Ne7+ Kh7 33. c6 1-0

[Event "2nd SCS Open"]
[Site "Bhubaneswar IND"]
[Date "2010.05.29"]
[Round "10"]
[White "Kasparov,S"]
[Black "Vaibhav,S"]
[Result "1/2-1/2"]
[WhiteElo "2504"]
[BlackElo "2347"]
[EventDate "2010.05.22"]

1. e4 c5 2. Nf3 e6 3. d4 cxd4 4. Nxd4 Nc6 5. Nb5 d6 6. c4 Nf6 7. N1c3 a6 8.
Na3 Be7 9. Be2 O-O 10. O-O b6 11. Be3 Ne5 12. f4 Ned7 13. Bf3 Bb7 14. Re1
Qc7 15. Rc1 Rac8 16. Bf2 Qb8 17. Qe2 Rfd8 18. Nab1 Bc6 19. a4 Bf8 20. Nd2
Nc5 21. Bh4 Ncd7 22. Rcd1 e5 23. f5 Be7 24. Bf2 Nc5 25. Ra1 Ne8 26. b4 Nd7
27. Nb3 Nc7 28. Red1 Ba8 29. Rab1 Nf6 30. Rdc1 b5 31. axb5 axb5 32. Nd5
Nfxd5 33. cxd5 Na6 34. Qd2 Rxc1+ 35. Rxc1 Rc8 36. Ra1 Bb7 37. Be2 Rc7 38.
Bb6 Rc8 39. Be3 Rc7 40. Bxb5 Qc8 41. Rc1 g6 42. fxg6 hxg6 43. Bd3 Rxc1+ 44.
Nxc1 f5 45. Ne2 fxe4 46. Bxe4 Qc4 47. Nc3 Nxb4 48. h3 Na2 49. Qxa2 Qxc3 50.
Qa7 Qe1+ 51. Kh2 Bh4 52. Qb8+ Kg7 53. Qc7+ Kg8 54. Qb8+ Kg7 55. Qc7+
1/2-1/2

[Event "2nd SCS Open"]
[Site "Bhubaneswar IND"]
[Date "2010.05.29"]
[Round "10"]
[White "Shreyansh,D"]
[Black "Czebe,A"]
[Result "1/2-1/2"]
[WhiteElo "2287"]
[BlackElo "2480"]
[EventDate "2010.05.22"]

1. d4 Nf6 2. Nf3 c5 3. e3 g6 4. c4 Bg7 5. Nc3 O-O 6. Be2 d5 7. O-O Nc6 8.
dxc5 dxc4 9. Qa4 Qa5 10. Qxc4 a6 11. Bd2 Be6 12. Qh4 Qxc5 13. Ng5 Bf5 14.
e4 h6 15. Nf3 g5 16. Bxg5 hxg5 17. Qxg5 Qb4 18. exf5 Qxb2 19. Rfc1 Qa3 20.
Rab1 Rfc8 21. Qe3 b5 22. Nd5 Qxe3 23. Nxe3 Bh6 24. h3 Ne4 25. Bd3 Nd6 26.
g4 Bf4 27. Re1 Bxe3 28. Rxe3 Kf8 29. g5 Na5 30. h4 Nac4 31. Re2 Rc5 32. g6
Rd8 33. Ng5 Nxf5 34. Bxf5 Rxf5 35. gxf7 Rd6 36. a4 Ne5 37. axb5 axb5 38.
Rbe1 Rxg5+ 39. hxg5 Nf3+ 40. Kg2 Nxe1+ 41. Rxe1 Kxf7 42. f4 b4 43. Kf3 e6
44. Ke4 Kg6 45. Rb1 Rb6 46. Kd4 b3 47. Kc3 Kf5 48. Rxb3 Rc6+ 49. Kd3 Kxf4
50. Rb4+ Kxg5 51. Ke4 Kf6 52. Rb5 Rc4+ 53. Ke3 Ra4 54. Kf3 Ra1 55. Ke4 Re1+
56. Kf3 e5 57. Rb8 Ra1 58. Ke3 Ra3+ 59. Ke4 Ra4+ 60. Ke3 1/2-1/2

[Event "2nd SCS Open"]
[Site "Bhubaneswar IND"]
[Date "2010.05.29"]
[Round "10"]
[White "Khusnutdinov,R"]
[Black "Swayams,M"]
[Result "1-0"]
[WhiteElo "2525"]
[BlackElo "2397"]
[EventDate "2010.05.22"]

1. e4 e6 2. d4 d5 3. Nd2 Nf6 4. e5 Nfd7 5. Bd3 c5 6. c3 Nc6 7. Ne2 cxd4 8.
cxd4 f6 9. exf6 Nxf6 10. O-O Bd6 11. Nf3 Qc7 12. Bg5 O-O 13. Bh4 e5 14.
dxe5 Nxe5 15. Nxe5 Bxe5 16. Bg3 Bxg3 17. hxg3 Bg4 18. Qa4 Bxe2 19. Bxe2 Qb6
20. Qb5 Qxb5 21. Bxb5 Rac8 22. Bd3 Kf7 23. Rfe1 Rfe8 24. f3 g6 25. Kf2 Rxe1
26. Rxe1 Nd7 27. Rh1 Kg7 28. Rd1 Kf6 29. Bb1 Nb6 30. g4 Rc5 31. b3 a5 32.
Ke3 Rc7 33. Kd4 Kg5 34. Re1 Kf4 35. Re6 Na8 36. Rf6+ Kg3 37. Kxd5 Kxg2 38.
Be4 Kg3 39. Kd6 Rg7 40. Rf8 Nc7 41. a4 b5 42. Rc8 bxa4 43. bxa4 Na6 44. Ra8
Nc7 45. Rxa5 Ne8+ 46. Ke6 Nc7+ 47. Kd6 Ne8+ 48. Kc6 Nf6 49. g5 Nxe4 50.
fxe4 Kf4 51. Rb5 Kxe4 52. a5 Kf4 53. a6 Ra7 54. Ra5 Rxa6+ 55. Rxa6 Kxg5 56.
Kd5 Kf4 57. Rf6+ Kg5 58. Rf1 1-0

[Event "2nd SCS Open"]
[Site "Bhubaneswar IND"]
[Date "2010.05.29"]
[Round "10"]
[White "Praveen Kumar,C1"]
[Black "Ismagambetov,An"]
[Result "1-0"]
[WhiteElo "2391"]
[BlackElo "2524"]
[EventDate "2010.05.22"]

1. d4 Nf6 2. c4 e6 3. Nc3 Bb4 4. e3 O-O 5. Nge2 d5 6. a3 Be7 7. cxd5 exd5
8. b4 c6 9. Ng3 Re8 10. Bd3 Nbd7 11. O-O b5 12. f3 Nb6 13. Bc2 a5 14. Rb1
axb4 15. axb4 Ra7 16. e4 dxe4 17. fxe4 Bg4 18. Qd3 Rd7 19. Nce2 g6 20. h3
Be6 21. Qf3 Nc4 22. Bg5 Kg7 23. Nf4 Rxd4 24. Bxf6+ Bxf6 25. Nfh5+ gxh5 26.
Nxh5+ Kf8 27. Nxf6 Nd2 28. Qh5 Nxf1 29. Qg5 Ke7 30. Ra1 Rc4 31. Ra7+ Bd7
32. Nxd7+ 1-0

[Event "2nd SCS Open"]
[Site "Bhubaneswar IND"]
[Date "2010.05.29"]
[Round "10"]
[White "Shyam,N"]
[Black "Iuldachev,S"]
[Result "0-1"]
[WhiteElo "2385"]
[BlackElo "2511"]
[EventDate "2010.05.22"]

1. e4 e5 2. Nf3 Nc6 3. Bb5 Nf6 4. O-O Nxe4 5. d4 Nd6 6. Bxc6 dxc6 7. dxe5
Nf5 8. Qxd8+ Kxd8 9. Nc3 h6 10. h3 Bd7 11. b3 Ne7 12. Bb2 c5 13. Rad1 Kc8
14. Nh2 b6 15. Ng4 Be6 16. Ne3 g5 17. Ne2 Ng6 18. Nd5 c6 19. Nf6 a5 20. Nc3
Be7 21. Nh5 Rg8 22. Ne4 a4 23. Nef6 Rd8 24. Ng7 axb3 25. axb3 Ra2 26. Rxd8+
Bxd8 27. Nxe6 fxe6 28. Rb1 Bxf6 29. exf6 Kd7 30. c4 e5 31. Bc1 Ke6 32. Be3
Rc2 33. b4 Rxc4 34. bxc5 b5 35. Rd1 Nf4 36. Rd6+ Kf7 37. Rxc6 Nd5 38. Rd6
Nxe3 39. fxe3 Rxc5 40. Rb6 e4 41. Kf2 h5 42. Kg3 Rf5 43. Kh2 h4 44. g3 Rf2+
45. Kg1 Rb2 46. gxh4 gxh4 47. Kf1 Rh2 48. Rxb5 Kxf6 49. Rh5 Rxh3 50. Kg2
Rxe3 51. Rxh4 Kg5 52. Rh8 Rf3 53. Re8 Kf4 54. Ra8 Rb3 55. Rh8 Rf3 56. Ra8
Rc3 57. Rh8 Ke3 58. Rh3+ Kd2 59. Rh2 e3 60. Kf1+ Kd3 61. Rh3 Rc1+ 62. Kg2
Kd2 0-1

[Event "2nd SCS Open"]
[Site "Bhubaneswar IND"]
[Date "2010.05.29"]
[Round "10"]
[White "Sriram,J"]
[Black "Nitin,S"]
[Result "1/2-1/2"]
[WhiteElo "2507"]
[BlackElo "2363"]
[EventDate "2010.05.22"]

1. d4 Nf6 2. c4 g6 3. Nc3 Bg7 4. e4 d6 5. f3 O-O 6. Be3 e5 7. Nge2 c6 8.
Qd2 Nbd7 9. d5 cxd5 10. cxd5 a6 11. g4 h5 12. g5 Nh7 13. Rg1 b5 14. Nc1 Nb6
15. b3 Bd7 16. Nd3 a5 17. Nb2 b4 18. Nb5 Nc8 19. a4 bxa3 20. Rxa3 f6 21.
gxf6 Rxf6 22. Qg2 Qf8 23. Nd1 Ne7 24. Nc7 1/2-1/2

[Event "2nd SCS Open"]
[Site "Bhubaneswar IND"]
[Date "2010.05.29"]
[Round "10"]
[White "Bitan,B"]
[Black "Deepan,C"]
[Result "1/2-1/2"]
[WhiteElo "2311"]
[BlackElo "2488"]
[EventDate "2010.05.22"]

1. d4 Nf6 2. c4 g6 3. f3 Nc6 4. d5 Ne5 5. e4 d6 6. Nc3 Bg7 7. f4 Ned7 8.
Nf3 O-O 9. Bd3 e6 10. O-O exd5 11. cxd5 c6 12. Be3 Ng4 13. Bd4 Bxd4+ 14.
Nxd4 Ne3 15. Qd2 Nxf1 16. Rxf1 Re8 17. Kh1 c5 18. Ndb5 Nf8 19. f5 g5 20. f6
h6 21. Qd1 Ng6 22. Qh5 Kh7 23. Na3 Ne5 24. Be2 Rg8 25. Nc4 Rg6 26. Nxe5
dxe5 27. Qf3 a6 28. Qf2 g4 29. Qg3 Qd6 30. Qh4 Bd7 31. Nd1 Bb5 32. Bxb5
axb5 33. Ne3 Qd7 34. Qh5 Rg5 35. Qh4 Rxa2 36. Nf5 Rxf5 37. exf5 Qxf5 38.
Kg1 Qg5 39. Qf2 c4 40. d6 c3 41. Qc2+ Qg6 42. Qxc3 Qe4 43. Rd1 Qe2 44. Re1
Qc4 45. Qxe5 Ra8 46. Qf5+ Kg8 47. d7 Qd4+ 48. Kh1 Kf8 49. Rf1 Kg8 50. h3
Rd8 51. Qh5 Qc4 52. Rd1 Rxd7 53. Rxd7 Qf1+ 54. Kh2 Qf4+ 55. Kg1 Qe3+ 56.
Kf1 Qf4+ 57. Ke2 Qe4+ 58. Kf2 Qf4+ 59. Ke2 Qe4+ 1/2-1/2

[Event "2nd SCS Open"]
[Site "Bhubaneswar IND"]
[Date "2010.05.29"]
[Round "10"]
[White "Abu Sufian,S"]
[Black "Harutjunyan,G"]
[Result "0-1"]
[WhiteElo "2305"]
[BlackElo "2460"]
[EventDate "2010.05.22"]

1. e4 c6 2. d4 d5 3. e5 Bf5 4. Nc3 e6 5. g4 Bg6 6. Nge2 Bb4 7. h4 h6 8. Nf4
Ne7 9. a3 Bxc3+ 10. bxc3 Nd7 11. Bd3 Bxd3 12. Qxd3 c5 13. Nh5 g6 14. Ng3
Qc7 15. Be3 Rc8 16. Ra2 Qa5 17. O-O h5 18. gxh5 gxh5 19. Bg5 cxd4 20. cxd4
Rc3 21. Qe2 Nc6 22. Be3 Rg8 23. Rb2 Qxa3 24. Rxb7 Rxg3+ 25. fxg3 Rxe3 26.
Qf2 Rxg3+ 27. Kh2 Rg7 28. Rg1 Rg4 29. Rb3 Qa4 30. Rxg4 hxg4 31. Rd3 Ne7 32.
Rg3 f5 33. exf6 Nf5 34. f7+ Kxf7 35. Rxg4 Nf6 36. Rf4 Ne4 37. Rxf5+ exf5
38. Qxf5+ Nf6 39. c3 Qa2+ 40. Kg3 Qd2 0-1

[Event "2nd SCS Open"]
[Site "Bhubaneswar IND"]
[Date "2010.05.29"]
[Round "10"]
[White "Akshat,Kh"]
[Black "Karthikeyan,P"]
[Result "1/2-1/2"]
[WhiteElo "2292"]
[BlackElo "2411"]
[EventDate "2010.05.22"]

1. d4 Nf6 2. c4 e6 3. Nc3 Bb4 4. g3 d5 5. Bg2 O-O 6. Nf3 dxc4 7. a3 Bxc3+
8. bxc3 Nd5 9. Qc2 f6 10. a4 a5 11. Nd2 Nb6 12. O-O Rf7 13. Ba3 Qe8 14. Bc5
N8d7 15. Qa2 e5 16. Nxc4 Nxc4 17. Qxc4 Nxc5 18. Qxc5 c6 19. e3 Bf5 1/2-1/2

[Event "2nd SCS Open"]
[Site "Bhubaneswar IND"]
[Date "2010.05.29"]
[Round "10"]
[White "Das,Say"]
[Black "Debashis,D"]
[Result "1/2-1/2"]
[WhiteElo "2250"]
[BlackElo "2400"]
[EventDate "2010.05.22"]

1. e4 c5 2. Nf3 e6 3. d4 cxd4 4. Nxd4 a6 5. c4 Qc7 6. Nc3 Nf6 7. a3 b6 8.
Be3 Bb7 9. f3 d6 10. Rc1 Be7 11. Be2 O-O 12. O-O Nbd7 13. b4 Rac8 14. Nb3
Qb8 15. Na4 Bd8 16. Kh1 Bc7 17. Bg1 Bc6 18. Nd4 Ba8 19. Rc2 Rfe8 20. Qd2
Ne5 21. Nb2 Rcd8 22. Nd3 Ng6 23. Qc1 h5 24. Re1 h4 25. Bf1 Rc8 26. c5 d5
27. e5 bxc5 28. bxc5 Nxe5 29. Rb2 Nxd3 30. Bxd3 Qa7 31. Qg5 Bd8 32. Qxh4
Ne4 33. Qh3 Ng5 34. Qg3 Bf6 35. Rb6 Qc7 36. Qxc7 Rxc7 37. Nf5 e5 38. f4 Ne4
39. Nd6 Rd8 40. fxe5 Bxe5 41. Nxe4 dxe4 42. Bxe4 Bxe4 43. Rxe4 f6 44. Re1
a5 45. Ra6 Bc3 46. Rc1 Rd3 47. h3 Kh7 48. c6 Kg6 49. Bh2 Rc8 50. c7 Bb2 51.
Rb1 Bxa3 52. Bf4 Bb4 53. Rc1 Kf7 54. Rb6 Ke8 55. Rb8 Kd7 56. Rxc8 Kxc8 57.
Rc6 Rd1+ 58. Kh2 Bd2 59. Bd6 Bb4 60. Bg3 Be1 61. Bd6 Bb4 62. Bg3 Be1 63.
Bd6 Bc3 64. g3 Rd2+ 65. Kh1 Be5 66. Bxe5 fxe5 67. Ra6 Rd5 68. Ra7 e4 69.
Kg1 e3 70. Kf1 Re5 71. Ra8+ Kxc7 72. Ra7+ Kb6 73. Rxg7 a4 74. Rg8 e2+ 75.
Ke1 a3 76. Ra8 Re3 77. h4 Rxg3 78. Kxe2 1/2-1/2

[Event "2nd SCS Open"]
[Site "Bhubaneswar IND"]
[Date "2010.05.29"]
[Round "10"]
[White "Mohammad,J"]
[Black "Rathnakaran,K"]
[Result "1/2-1/2"]
[WhiteElo "2246"]
[BlackElo "2397"]
[EventDate "2010.05.22"]

1. e4 e6 2. d4 d5 3. Nd2 Nf6 4. e5 Nfd7 5. Bd3 c5 6. c3 Nc6 7. Ngf3 g6 8.
O-O Be7 9. Re1 O-O 10. dxc5 Nxc5 11. Nb3 Nxd3 12. Qxd3 f6 13. exf6 Bxf6 14.
Nbd4 Re8 15. Bf4 Bd7 16. Nb5 g5 17. Bc7 Qe7 18. Bd6 Qg7 19. Nc7 Rad8 20.
Nxe8 Bxe8 21. Rxe6 Bf7 22. Qxd5 g4 23. Rae1 Ne7 24. Qe4 gxf3 25. Qxf3 Bxe6
26. Rxe6 Nc8 27. Rxf6 Nxd6 28. h3 Nf7 29. Rf4 Ne5 30. Qe3 b6 31. Rf5 Nf7
32. Qe7 Qg6 33. Rf6 Qh5 34. Rf4 Rd5 35. Qxa7 Rg5 36. Kh2 Qg6 37. g3 Qe6 38.
Qa8+ Kg7 39. a4 Rh5 40. h4 Re5 41. b4 h5 42. a5 bxa5 43. bxa5 Qd5 44. Qa7
Re1 45. Qd4+ Qxd4 46. Rxd4 Ne5 47. Kg2 Re2 48. Kf1 Rc2 49. Rd5 Kf6 50. f4
Ng4 51. Rxh5 Rxc3 52. a6 Ra3 53. Rg5 Ne3+ 54. Ke2 Nf5 55. h5 Nxg3+ 56. Kd1
Nxh5 57. Rxh5 Kg6 58. Rg5+ Kf6 59. Ke2 Rxa6 60. Kf3 Ra1 61. Rb5 Rf1+ 62.
Ke3 Re1+ 63. Kf2 Ra1 64. Rb3 Kf5 1/2-1/2

[Event "2nd SCS Open"]
[Site "Bhubaneswar IND"]
[Date "2010.05.29"]
[Round "10"]
[White "Joshi,GB"]
[Black "Sundararajan,K"]
[Result "0-1"]
[WhiteElo "2293"]
[BlackElo "2520"]
[EventDate "2010.05.22"]

1. e4 c5 2. Nf3 e6 3. c3 Nf6 4. e5 Nd5 5. d4 cxd4 6. cxd4 d6 7. a3 Nc6 8.
Bd3 dxe5 9. dxe5 g6 10. O-O Bg7 11. Re1 O-O 12. Qe2 Qc7 13. h4 Bd7 14. h5
Rac8 15. Bd2 Na5 16. Nc3 Nb3 17. hxg6 fxg6 18. Nxd5 exd5 19. Bb4 Bg4 20.
Qe3 Bxf3 21. gxf3 Nxa1 22. Rxa1 Qxe5 23. Bxf8 Rxf8 24. Kg2 b6 25. Rb1 Rc8
26. a4 Bf6 27. f4 Qe7 28. f5 Qxe3 29. fxe3 g5 30. e4 dxe4 31. Bxe4 Kg7 32.
Rd1 Bxb2 33. Rd7+ Kf6 34. a5 bxa5 35. Rxh7 Re8 36. Bb1 Bd4 37. Rh6+ Ke5 38.
Kf3 Rb8 39. Re6+ Kd5 40. Be4+ Kc5 41. Kg4 a4 42. Ra6 Kb5 43. Bd3+ Kb4 44.
f6 Rf8 45. Kxg5 Rxf6 46. Rxa7 Rf2 47. Ra8 a3 0-1

[Event "2nd SCS Open"]
[Site "Bhubaneswar IND"]
[Date "2010.05.30"]
[Round "11"]
[White "Bocharov,D"]
[Black "Kravtsiv,M"]
[Result "1/2-1/2"]
[WhiteElo "2592"]
[BlackElo "2546"]
[EventDate "2010.05.22"]

1. d4 Nf6 2. c4 e6 3. Nf3 d5 4. Nc3 Bb4 5. g3 c5 6. dxc5 Nc6 7. Bg2 O-O 8.
O-O dxc4 9. Nd2 Qd4 10. Nde4 Nxe4 11. Nxe4 f5 12. a3 Bxc5 13. Nxc5 Qxc5 14.
Be3 Qe7 15. Rc1 Rd8 16. Qa4 e5 17. Rxc4 Be6 18. Rc5 e4 19. Rfc1 a6 20. b4
h6 21. Qc2 Nd4 22. Bxd4 Rxd4 23. e3 Rd7 24. Bf1 Rad8 25. Bc4 Qf7 26. Bxe6
Qxe6 27. Rc8 Rxc8 28. Qxc8+ Kh7 29. Kg2 Qf7 30. Rc5 Rd5 31. h3 Rxc5 32.
bxc5 Qd5 33. a4 h5 34. a5 g6 35. Qc7+ Kg8 36. g4 fxg4 37. hxg4 hxg4 38. Kg3
Qf5 39. Qb8+ Kh7 40. Qxb7+ Kh6 41. Qb2 Qxc5 42. Qh8+ Kg5 43. Qh4+ Kf5 44.
Qxg4+ Kf6 45. Qf4+ Kg7 46. Qxe4 Qxa5 47. Qe7+ Kh6 48. Qf8+ Kh7 49. Qf7+ Kh6
50. Qf8+ Kh7 51. Qf7+ Kh6 1/2-1/2

[Event "2nd SCS Open"]
[Site "Bhubaneswar IND"]
[Date "2010.05.30"]
[Round "11"]
[White "Turov,M"]
[Black "Simonian,H"]
[Result "1-0"]
[WhiteElo "2624"]
[BlackElo "2521"]
[EventDate "2010.05.22"]

1. d4 d5 2. c4 c6 3. Nc3 Nf6 4. Nf3 a6 5. c5 Bf5 6. Bf4 Nbd7 7. Qb3 Qc8 8.
h3 Ne4 9. e3 h6 10. Na4 f6 11. Bh2 e5 12. Be2 exd4 13. exd4 g5 14. Nd2 h5
15. Nxe4 Bxe4 16. Bd3 Bxd3 17. Qxd3 Kf7 18. O-O-O Qd8 19. Qb3 Ra7 20. Rde1
Bh6 21. Bd6 Re8 22. Qd3 Bg7 23. Kd1 Nf8 24. Rxe8 Qxe8 25. Re1 Ne6 26. Nb6
a5 27. Qe2 g4 28. hxg4 Ra6 29. g5 1-0

[Event "2nd SCS Open"]
[Site "Bhubaneswar IND"]
[Date "2010.05.30"]
[Round "11"]
[White "Maletin,P"]
[Black "Kokarev,Dm"]
[Result "0-1"]
[WhiteElo "2584"]
[BlackElo "2612"]
[EventDate "2010.05.22"]

1. d4 Nf6 2. c4 g6 3. Nc3 Bg7 4. e4 O-O 5. f3 d6 6. Be3 c5 7. Nge2 Nc6 8.
d5 Ne5 9. Ng3 e6 10. Be2 exd5 11. cxd5 a6 12. a4 Bd7 13. h3 b5 14. O-O Nc4
15. Bxc4 bxc4 16. Qd2 Rb8 17. Rab1 Re8 18. Bh6 Rb3 19. Rf2 Qe7 20. Bxg7
Kxg7 21. f4 Reb8 22. e5 dxe5 23. d6 Qe8 24. Re1 Rxb2 25. Qxb2 Rxb2 26. Rxb2
e4 27. Nf1 Bxa4 28. g4 Bc6 29. Rb6 Qc8 30. Ra1 Nd7 31. Rbxa6 Bb7 32. Ra7
Qb8 33. Ne3 Qxd6 34. Rxb7 Qd4 35. Ncd1 Qxa1 36. Rxd7 c3 37. Rd5 Qa3 38. g5
c2 39. Nxc2 Qg3+ 40. Kf1 Qxf4+ 41. Ke2 Qf3+ 42. Kd2 Qg2+ 43. Kc3 Qxh3+ 44.
Nde3 h5 45. gxh6+ Kxh6 46. Rxc5 f5 47. Kd4 Qh2 48. Kd5 Qd2+ 49. Ke6 Kg5 50.
Rd5 Qc3 51. Rd1 f4 52. Rg1+ Kh6 53. Ng4+ Kg7 54. Ne5 Qb3+ 55. Ke7 Qxc2 56.
Rxg6+ Kh7 57. Kf6 Qc7 58. Rg4 Qd8+ 59. Kf5 f3 60. Rf4 Qf8+ 0-1

[Event "2nd SCS Open"]
[Site "Bhubaneswar IND"]
[Date "2010.05.30"]
[Round "11"]
[White "Hera,I"]
[Black "Ibrayev,N"]
[Result "1-0"]
[WhiteElo "2558"]
[BlackElo "2390"]
[EventDate "2010.05.22"]

1. d4 c5 2. d5 d6 3. e4 Nf6 4. Nc3 g6 5. Be2 Bg7 6. Nf3 O-O 7. O-O Na6 8.
Bf4 Nc7 9. a4 Nh5 10. Bg5 h6 11. Be3 b6 12. Nd2 Nf6 13. Nc4 Ba6 14. f3 Bxc4
15. Bxc4 a6 16. Qe2 Qd7 17. Bd2 Nh5 18. f4 b5 19. axb5 Bxc3 20. Bxc3 axb5
21. Bb3 c4 22. Ba2 Ra6 23. f5 Rfa8 24. Qe3 Kh7 25. fxg6+ Kxg6 26. Rf5 Nf6
27. Raf1 Nce8 28. Bb1 Ra1 29. Bd4 Rxb1 30. Rxb1 Nxe4 31. Rbf1 N4f6 32. Qh3
1-0